000 00949nam0a22002891 4500
001 RU\INFOCOMM_327\NLR\5000003173
005 20250613103931.0
035 _a(NLR Aleph) 009483337
090 _a8601740
_c8601740
100 _a20121204d1968 |||y0rusy50 ca
101 0 _aeng
102 _aRU
105 _ay z |||||
200 1 _aOn the penetrabilities in quantum mechanics
_fLiviu Gr. Ixaru
210 _aДубна
_d1968
215 _a23 с.
_d24 см
225 1 _aˆ[‰Издания]
_fОбъедин. ин-т ядерных исследований; Лаборатория теорет. физики
_vЕ4-4111
309 _aОтпеч. множит. аппаратом
320 _aБиблиогр.: с. 23
686 _aФз-95
_2rubbk
686 _aˆ[‰В318.0]
_2rubbk
700 1 _aIxaru
_bL. G.
_gLiviu Gr.
801 1 _aRU
_bNLR
_c20121204
801 0 _aRU
_bINFOCOMM
_gPSBO
852 _aNLR
_jP11/3130
942 _cBOOK
980 _aNB